| 000 | 01295nam a2200325Ia 4500 | ||
|---|---|---|---|
| 001 | ebr10022469 | ||
| 003 | CaPaEBR | ||
| 006 | m u | ||
| 007 | cr cn||||||||| | ||
| 008 | 011030s2002 nyu sb 001 0 eng d | ||
| 020 | _z185359556X (hc. : alk. paper) | ||
| 020 | _z1853595551 (pbk. : alk. paper) | ||
| 040 |
_aCaPaEBR _cCaPaEBR |
||
| 035 | _a(OCoLC)70769472 | ||
| 050 | 1 | 4 |
_aP40.45.E85 _bB49 2002eb |
| 082 | 0 | 4 |
_a306.44/094 _221 |
| 245 | 0 | 0 |
_aBeyond boundaries _h[electronic resource] : _blanguage and identity in contemporary Europe / _cedited by Paul Gubbins and Mike Holt. |
| 260 |
_aBuffalo, N.Y. : _bMultilingual Matters, _c2002. |
||
| 300 | _avi, 162 p. | ||
| 490 | 0 |
_aMultilingual matters ; _v122 |
|
| 504 | _aIncludes bibliographical references and index. | ||
| 533 |
_aElectronic reproduction. _bPalo Alto, Calif. : _cebrary, _d2009. _nAvailable via World Wide Web. _nAccess may be limited to ebrary affiliated libraries. |
||
| 650 | 0 |
_aSociolinguistics _zEurope. |
|
| 650 | 0 |
_aNationalism _zEurope. |
|
| 655 | 7 |
_aElectronic books. _2local |
|
| 700 | 1 |
_aGubbins, Paul, _d1949- |
|
| 700 | 1 | _aHolt, Mike. | |
| 710 | 2 | _aebrary, Inc. | |
| 856 | 4 | 0 |
_uhttp://site.ebrary.com/lib/rucke/Doc?id=10022469 _zAn electronic book accessible through the World Wide Web; click to view |
| 999 |
_c9425 _d9425 |
||